000
00300nam a22001337a 4500
008
180807b xxu||||| |||| 00| 0 eng d
082
_a
813.52
245
_a
Essentials of Family Medicine
_c
Sloane
260
_c
2002
300
_a
1
_e
CD
440
_x
18006383030
760
_b
4th
942
_2
ddc
_c
MX
999
_c
46912
_d
46912